[Event "Paris-ch op"]
[Site "Paris"]
[Date "2000.07.20"]
[Round "6"]
[White "Glek, Igor Vladimirovich"]
[Black "Savchenko, Stanislav"]
[Result "1-0"]
[WhiteElo "2553"]
[BlackElo "2579"]
[Annotator "Glek,I"]
[PlyCount "49"]
[EventDate "2000.07.15"]
[EventType "swiss"]
[EventRounds "9"]
[EventCountry "FRA"]
[SourceTitle "EXT 2001"]
[Source "ChessBase"]
[SourceDate "2000.11.22"]
[SourceVersion "1"]
[SourceVersionDate "2000.11.22"]
[SourceQuality "1"]

1. e4 c5 2. Nf3 d6 3. d4 cxd4 4. Nxd4 Nf6 5. Nc3 a6 6. Be2 e6 7. O-O Be7 8. f4
Qc7 9. a4 Nc6 10. Be3 O-O 11. Kh1 Re8 12. Bg1 Rb8 13. Bd3 $5 (13. Qd3 e5 $11)
13... Bd7 14. Qf3 Nxd4 (14... Bf8 $5) 15. Bxd4 Bc6 16. a5 Nd7 17. Qh3 Nc5 18.
f5 $1 Bf8 19. Bxg7 $1 $18 Kxg7 (19... Bxg7 20. f6 Bf8 21. Rf4 h6 22. Rg4+ Kh7 (
22... Kh8 23. Qg3 $18 (23. Rh4 $18)) 23. Qg3 $18) 20. f6+ Kh8 21. Rf4 h6 22.
Rh4 Kh7 23. g4 $1 Kg6 (23... e5 24. g5 Ne6 25. Rxh6+ Bxh6 26. Qxh6+ Kg8 27. Nd5
Qd7 (27... Qd8 28. g6 $18) 28. Rg1 b5 29. Rg3 $18) 24. Rf1 Nxd3 25. g5 (25.
Rxh6+ Bxh6 26. Qh5+ Kh7 27. g5 $18) (25. cxd3 Qxa5 26. Rh5 $18) (25. g5 Bxe4+
26. Nxe4 hxg5 27. Rh8 $18) 1-0

[Event "Biel MTO op"]
[Site "Biel"]
[Date "2005.07.21"]
[Round "4"]
[White "Alekseev, Evgeny V"]
[Black "Golod, Vitali"]
[Result "1/2-1/2"]
[WhiteElo "2625"]
[BlackElo "2582"]
[Annotator "Golod,V"]
[PlyCount "50"]
[EventDate "2005.07.18"]
[EventType "swiss"]
[EventRounds "11"]
[EventCountry "SUI"]
[SourceTitle "CBM 107 Extra"]
[Source "ChessBase"]
[SourceDate "2005.09.01"]
[SourceVersion "1"]
[SourceVersionDate "2005.09.01"]
[SourceQuality "1"]

{This is my second encounter with Evgeny over the chess board (before this
round, we each had 3/3). It's interesting to know, that our first game was on
the same day (July 21st) 4 years ago, and then the youth won.} 1. e4 c5 2. Nf3
e6 3. d4 cxd4 4. Nxd4 Nc6 5. Nc3 a6 6. Be2 ({I also prepared to next
variations:} 6. Nxc6 bxc6 7. Bd3 d5 {with very sharp game}) ({and very solid} 
6. g3) 6... d6 ({The main alternative in this position:} 6... Qc7) 7. O-O Nf6
8. Be3 Be7 9. a4 Bd7 {Amazing, that I made this move practically without
thought :)} ({A more flexible move order:} 9... O-O 10. f4 Qc7 11. Kh1 Re8 {
and so on.}) 10. Nb3 {[%cal Ga4a5]} b6 {It was more logical to prevent "a5"
with:} (10... Na5 $5 {In this case, at least my previous move is justified.})
11. f4 O-O 12. Bf3 Qc7 13. g4 Bc8 {[%csl Yd7][%cal Yf6d7]} 14. g5 Nd7 15. Bg2
Re8 16. Rf3 $5 {White manages without the traditional "Kh1" and immediately
starts an active movement on the kings side. But on the "g1" square, when
possible, the king falls under /^a7-g1 threats.} ({After:} 16. Kh1 Bb7 {
This is the main position of this variation, which was seen in my opponent's
game against Ognjen Cvitan (6th EICC Warsaw,2005)}) ({On:} 16. Qh5 $5 {you can
find fifteen games in Mega DataBase 2005.}) 16... Na5 $1 $146 ({It was checked
up in previous games:} 16... Bf8 $5) (16... g6 $6) ({and} 16... Nb4 $6) ({
This was senseless:} 16... Rb8 {in view of:} 17. Rh3 Na5 $140 18. Nd2 $1 {
and its unclear what my rook is doing on "b8".}) 17. Nd2 {The knight left the
"d4" square weak, and White will have difficulties adding him in the attack on
the king side.} (17. Nxa5 $6 bxa5 18. Rh3 Rb8 $132 {[%csl Rb2]}) 17... Bb7 {
Now it's time to put the bishop on that diagonal.} 18. Rh3 g6 $5 {The hardest
move in the game. I was also thinking about:} (18... Nf8 $143 19. Qh5 {/\f5 |^}
) (18... d5 $5 19. exd5 $140 Bc5 (19... exd5 $143 20. Nxd5 Bxd5 21. Bxd5 Bc5
22. Nf1 $1 $16) 20. dxe6 Rxe6 $44) 19. Qg4 Rac8 {I needed this rook on the
<->c file.} 20. Rf1 ({After the game we checked:} 20. Qh4 $5 h5 $1 $13 {
Alekseev,E} (20... Nf8 $143 21. Qf2 {קb6})) 20... Nc4 $5 {Now the white rook
left for the king side, this move wins actually. However, after the exchange
of the knights, White has less pieces for attack.} 21. Nxc4 Qxc4 22. Rd1 {
[%cal Ge3d4]} Nf8 $6 ({Leads to unclear position:} 22... Qb4 $5 23. Bd4 e5 (
23... Qxb2 $4 24. Rxh7 $1 $18 Kxh7 $140 25. Qh4+ Kg8 26. Qh8#) 24. Be3 exf4 25.
Bxf4 Nc5 $13) 23. Qh4 $14 (23. Bxb6 $6 Qb4 {[%csl Rb2,Rb6]} 24. Bd4 (24. Bf2
$143 Qxb2 25. Rb1 Qxc2 26. Rxb7 Rxc3 {black isn't worse.}) 24... e5 25. Bf2
$140 exf4 $13) 23... d5 {It's necessary to open my black square bishop.} 24.
Bd4 $6 {After this move, White suddenly lost his advantage.} (24. Bxb6 $6 dxe4
{Alekseev,E} (24... Qb4 $2 25. Bd4 Bc5 26. Bxc5 Qxc5+ 27. Qf2 $16) 25. Rd4 Bc5
26. Bxc5 Qxc5 27. Qf2 e5 $1 $132) (24. Rd4 $142 Qc7 25. exd5 exd5 26. f5 $36
gxf5 $140 27. Bxd5 Bxd5 28. Rxd5 $14) 24... Bc5 25. Qf2 dxe4 $11 ({After:} 
25... dxe4 {In the main variation there is a forced draw:} 26. Bxe4 (26. Bxc5
$5 bxc5 $1 (26... Qxc5 $143 27. Qxc5 Rxc5 28. Rd6 $14) 27. b3 Qb4 28. Re3 Red8
$11) 26... Red8 27. Rhd3 Bxe4 28. Nxe4 Rxd4 29. Rxd4 Bxd4 30. Rxd4 Qxc2 31.
Qxc2 Rxc2 32. Rd8 Rxb2 $140 33. Nf6+ Kg7 34. Ne8+ Kg8 (34... Kh8 $144 35. Nf6)
35. Nf6+ $11) 1/2-1/2

[Event "Pardubice op-A"]
[Site "Pardubice"]
[Date "2005.07.26"]
[Round "5"]
[White "Kovalev, Andrei"]
[Black "Henrichs, Thomas"]
[Result "1/2-1/2"]
[WhiteElo "2548"]
[BlackElo "2413"]
[Annotator "Gutman,L"]
[PlyCount "82"]
[EventDate "2005.07.22"]
[EventType "swiss"]
[EventRounds "9"]
[EventCountry "CZE"]
[SourceTitle "CBM 107 Extra"]
[Source "ChessBase"]
[SourceDate "2005.09.01"]
[SourceVersion "1"]
[SourceVersionDate "2005.09.01"]
[SourceQuality "1"]

1. e4 c5 2. Nf3 d6 3. d4 cxd4 4. Nxd4 Nf6 5. Nc3 a6 6. Be2 e6 7. O-O Be7 8. f4
O-O 9. Kh1 Qc7 10. a4 Nc6 11. Be3 Re8 12. Bd3 Nb4 13. a5 Bd7 14. Nf3 Rac8 15.
Bb6 Qb8 {Diese Stellung ist gut bekannt aus dem PCA-Wettkampf zwischen
Kasparov und Anand, New York 1995.} 16. Qe1 (16. e5 dxe5 17. fxe5 Nfd5 18. Nxd5
exd5 19. Re1 h6 {ergab Ausgleich in Anand-Kasparov, 7. Partie, und in der 16.
Partie Kasparov-Anand folgte}) (16. Bd4 Bc6 17. Qd2 Nxd3 18. cxd3 Nd7 19. Bg1
Qc7 20. Nd4 {mit Remis.}) 16... Bc6 (16... e5 17. fxe5 dxe5 18. Qg3 (18. Be3)
18... Bc5 19. Ng5 Be7 20. Nf3 (20. Rad1 $5 h6 21. Nf3 Bc5 22. Nh4) 20... Bc5 {
mit Zugwiederholung, Kindermann-Ribli, BL 1998/99.}) 17. Bd4 Nd7 18. Qg3 Bf6 $5
(18... Bf8 19. f5 e5 20. Be3 Nxd3 21. cxd3 f6 22. Qf2 {brachte Weiß Erfolg in
Kovalev-Lazar, Pardubice 2002.}) 19. Bxf6 Nxf6 20. e5 ({etwas voreilig;} 20.
Nd4 $5 $14 {gefällt mir besser.}) 20... dxe5 21. fxe5 Nxd3 22. cxd3 Nd7 23.
Rae1 f6 (23... Bxf3 $2 24. Rxf3 Rc5 25. d4 Rxa5 26. Qf2) 24. d4 Qc7 25. Qh3
Bxf3 26. Qxf3 fxe5 27. Qf7+ Kh8 28. dxe5 Nc5 (28... Qc6 $5 29. Qh5 Rf8 $15 {
mit Schwarz on Top.}) 29. Qxc7 Rxc7 30. Re3 Rd7 31. Kg1 (31. Ne4 Nxe4 32. Rxe4
$11) 31... Kg8 32. b4 $6 (32. Ne4 Nxe4 33. Rxe4 $11) 32... Nd3 33. Ne4 Nxb4 34.
Rg3 Kh8 (34... Nd5 $5 35. Rb3 Rc8 36. Nd6 Rc2 $15) 35. Nc5 Rc7 36. Nxe6 Rce7
37. Ng5 Kg8 38. Ne4 Rf8 39. Nd6 Rxf1+ 40. Kxf1 Nc6 41. Rc3 Rxe5 1/2-1/2

[Event "Pardubice op-A"]
[Site "Pardubice"]
[Date "2005.07.22"]
[Round "1"]
[White "Rivera Kuzawka, Daniel"]
[Black "Vorobiov, Evgeny E"]
[Result "0-1"]
[WhiteElo "2323"]
[BlackElo "2552"]
[Annotator "Gutman,L"]
[PlyCount "90"]
[EventDate "2005.07.22"]
[EventType "swiss"]
[EventRounds "9"]
[EventCountry "CZE"]
[SourceTitle "CBM 107 Extra"]
[Source "ChessBase"]
[SourceDate "2005.09.01"]
[SourceVersion "1"]
[SourceVersionDate "2005.09.01"]
[SourceQuality "1"]

1. e4 c5 2. Nc3 e6 3. Nf3 Nc6 4. d4 cxd4 5. Nxd4 Qc7 6. Be2 a6 7. O-O Nf6 8.
Be3 Be7 9. f4 d6 10. Kh1 O-O 11. a4 Re8 12. a5 Nxa5 13. e5 dxe5 14. fxe5 Qxe5
15. Bf4 Qc5 16. Na4 Qa7 17. Be3 ({Das meistanalysierte} 17. Bc7 {hat seine
Anziehungskraft verloren wegen} Nc4 $1 18. Bxc4 b5 19. Nb6 bxc4 20. Nxa8 Qxa8
21. Qd2 Bb7 {Trifonov-Dydyschko, Minsk 2005.}) 17... Nd5 $1 (17... b6 18. Nxe6
$5 (18. b4 $2 Nd5 19. Bd3 {Gajewski- Dydyschko, polnische Liga 2002 , wird
durch} Nxe3 20. Bxh7+ Kf8 21. Rxf7+ Kxf7 22. Qh5+ Kf8 23. Bg6 Bf6 24. Qh8+ Ke7
25. Qxe8+ Kd6 {widerlegt}) 18... Bxe6 (18... Rb8 19. Nxg7 Kxg7 20. Qe1 Nc6 21.
Qh4 Ng8 22. Rxf7+ $1 Kxf7 23. Qxh7+) 19. Bxb6 Qb7 20. Bxa5 Rac8 21. Bf3 Bd5 22.
Bc3 Ne4 23. Bd4 Rcd8 24. Nc3 Nxc3 25. Bxc3 $11) (17... Rd8 18. Bd3 (18. Nf5
exf5 19. Bxa7 Rxd1 20. Rfxd1 Rxa7 21. Nb6 Be6 22. Rxa5 Ne4 $11 {Smirin-Hansen,
Istanbul Olympiade 2000}) 18... b6 19. b4 e5 20. bxa5 exd4 {gibt Weiß genügend
Kompensation, wenn auch nicht mehr.}) 18. Bd3 $6 ({Ist taktisch nicht
gerechtfertigt.} 18. Bg1 $5 b6 19. Bd3 (19. c4 Nb4 20. Nxb6 Qxb6 21. Nb3 Qc7
22. Nxa5 Rd8) 19... g6 20. c4 (20. Nf3 Qc7) 20... Nb4 21. Nf3 Bd8 $44 {soll
geprüft werden}) 18... Nxe3 $1 19. Bxh7+ Kf8 20. Rxf7+ Kxf7 21. Qh5+ Kf8 22.
Bg6 Bf6 23. Qh8+ Ke7 24. Qxe8+ Kd6 25. Qf8+ Kc7 26. Qf7+ Kb8 27. Nxe6 b5 28.
Qf8 Qe7 (28... Nac4 $1 29. Nac5 Qe7 $19) 29. Qxe7 Bxe7 30. Nb6 Bxe6 31. Nxa8
Kxa8 32. Rxa5 Kb7 33. Be4+ Kb6 34. Ra1 a5 35. Re1 Bc5 36. b4 axb4 37. Ra1 Bf5
38. Bxf5 Nxf5 39. g3 Ne3 40. Ra2 Bd4 41. h3 Kc5 42. Ra7 Kc4 43. Rc7+ Bc5 44.
Rxg7 Nxc2 45. Rf7 b3 0-1

[Event "Chalkidiki"]
[Site "Chalkidiki"]
[Date "1992.??.??"]
[Round "5"]
[White "Bologan, Viktor"]
[Black "Akopian, Vladimir Eduardovic"]
[Result "1-0"]
[WhiteElo "2555"]
[BlackElo "2600"]
[Annotator "Hansen,Cu"]
[PlyCount "113"]
[EventDate "1992.09.??"]
[EventType "tourn"]
[EventRounds "11"]
[EventCountry "GRE"]
[EventCategory "14"]
[SourceTitle "CBM 032"]
[Source "ChessBase"]
[SourceDate "1993.02.01"]
[SourceVersion "1"]
[SourceVersionDate "1993.02.01"]
[SourceQuality "1"]

1. e4 {Boensch} c5 2. Nf3 d6 3. d4 cxd4 4. Nxd4 Nf6 5. Nc3 a6 6. Be3 e6 7. Be2
Be7 8. f4 Qc7 9. O-O O-O 10. Kh1 Nc6 11. Qe1 Nxd4 12. Bxd4 b5 13. a3 Bb7 14.
Qg3 Rad8 (14... Bc6 {Boensch} 15. Bd3 Qb7 16. Rae1 b4 17. axb4 Qxb4 18. Ne2 Qb7
19. e5 Nh5 20. Qh3 g6 21. Ng3 dxe5 22. Bxe5 Nxg3+ 23. hxg3 Rac8 $10 {Arakhamia,
K-Novikov,I Helsinki op (05) 1992 1-0 38 -CBM 32}) 15. Rae1 Bc6 16. Bd3 (16. e5
dxe5 17. Bxe5 Qb7 18. f5 exf5 19. Rxf5 Ne8 20. Bd3 g6 $10 {Orlov,V-Ionov,S inf.
54/235}) 16... Qb7 (16... Ne8 17. Qh3 e5 $2 18. Nd5 Bxd5 19. exd5 g6 20. fxe5
$18 {Sorensen,J-Birk Petersen,P Copenhagen Open 1991}) (16... Kh8 17. e5 dxe5
18. Bxe5 Qb7 19. Ne4 $14 {Thipsay,P-Enkhbat,T Manila OL 1992}) 17. Qh3 {
/\18.e5 dxe5 19.fxe5 Rxd4 20.exf6 +-} g6 (17... a5 $4 {Boensch} 18. Bxf6 Bxf6
19. e5 $18) 18. f5 e5 (18... gxf5 $2 19. Qh6 e5 20. Rxf5 Ng4 21. Qh3 Nf6 22.
Nd5 $1 Ne8 23. Rh5 $18 {Landa,K-Brodsky,M URS-qualJ Jurmala 1989}) (18... exf5
$2 {Boensch} 19. exf5 $16) 19. Be3 Nh5 $5 {TN} (19... Rfe8 20. Bg5 Nh5 21. f6
Bf8 22. Qh4 h6 23. Bc1 $16 {Tal,M-Langeweg,K Wijk aan Zee 1973/Wang
Pin-Arakhamia,K Subotica izt 1991}) (19... a5 20. Bh6 Rfe8 21. Bg5 Nh5 22. Bxe7
Rxe7 23. f6 Re6 24. Qh4 $14 {Renet,O-Lautier,J Clermont-Ferrand 1989}) (19...
d5 $2 {Boensch} 20. exd5 Nxd5 21. Nxd5 Bxd5 22. f6 $18) 20. Be2 (20. Bh6 $6 {
Boensch} Rfe8 21. fxg6 hxg6 22. Qf3 Bf6 $15) 20... Nf4 $8 21. Bxf4 exf4 22.
Rxf4 Bg5 23. Rg4 Qe7 24. Rf1 Bf6 25. Bd3 Qe5 (25... Be5 $2 26. Rh4 f6 27. fxg6
$18) 26. Ne2 Kh8 $6 (26... Qxb2 $5 27. Nf4 $36 (27. c3 {Boensch} Qxa3 28. Nf4
$40)) 27. c3 $16 Bd7 28. Nd4 Rde8 29. Rgf4 d5 (29... Qe7 $5 {Boensch}) 30. exd5
Qxd5 31. Ne6 $3 Rxe6 (31... fxe6 32. fxg6 $18 (32. fxg6 {Boensch} Re7 33. Rxf6
$18)) (31... Rg8 32. Nc7) (31... Bxe6 32. fxe6 $18 (32. fxe6 {Boensch} Bg5 33.
Bxg6 $18)) 32. fxe6 Bxe6 33. Qe3 $6 (33. Qf3 $18) 33... Bg7 34. Be4 Qd6 35.
R4f2 Rd8 $16 36. Re1 Kg8 37. Bf3 h5 {><g4} 38. Rff1 {/\Red1} Qc7 39. Rd1 Rxd1 (
39... Rc8 {Boensch} 40. Bd5) 40. Rxd1 Be5 41. g3 Kg7 42. Re1 Bf6 (42... Bd6 43.
Qd4+ Kg8 44. Bd5) 43. Qe4 {/\Qc6} Qc5 44. Kg2 (44. Qc6 Qf2) 44... a5 45. Rd1
Bc4 46. Rd2 Be6 47. Rd1 Bc4 48. Rd7 b4 $2 (48... a4 $16) (48... a4 {Boensch}
49. Qb7 {/\ Bd5}) 49. axb4 axb4 50. cxb4 Qc8 (50... Qxb4 51. Be2 Qb5 52. Rxf7+
$1 $18) 51. Rd2 Bb5 52. Rc2 Qa6 53. Be2 $18 Bxe2 54. Rxe2 h4 55. g4 Qd6 56. g5
$1 h3+ (56... Bxg5 57. Qe5+) 57. Kf3 (57. Kxh3 Qd7+ 58. Kh4 $1 $18 (58. Qg4
Qd3+ 59. Kg2 Bxg5)) 1-0

[Event "Women-Veterans"]
[Site "Prague"]
[Date "1995.??.??"]
[Round "8"]
[White "Xie, Jun"]
[Black "Portisch, Lajos"]
[Result "0-1"]
[WhiteElo "2540"]
[BlackElo "2615"]
[Annotator "Hansen,Cu"]
[PlyCount "58"]
[EventDate "1995.07.??"]
[EventType "schev"]
[EventRounds "5"]
[EventCountry "CZE"]
[SourceTitle "CBM 048"]
[Source "ChessBase"]
[SourceDate "1995.10.01"]
[SourceVersion "1"]
[SourceVersionDate "1995.10.01"]
[SourceQuality "1"]

1. e4 {Boensch} c5 2. Nf3 Nc6 3. d4 cxd4 4. Nxd4 e6 5. Nc3 a6 6. Be2 d6 7. O-O
Bd7 8. Be3 Nf6 9. f4 Be7 10. Qe1 (10. a4 {Boensch} Nxd4 (10... O-O 11. Nb3 $14)
11. Qxd4 Bc6 12. g4 (12. b4 $1 O-O 13. b5 Bd7 14. e5 Ne8 15. Ne4 $16 {Schoof,
M-Reddmann,H Hamburg-ch (5) 1992 1-0 61}) 12... O-O 13. g5 Nd7 14. Qd2 Nc5 15.
Bf3 b5 16. axb5 axb5 17. Qg2 Qd7 18. f5 Rxa1 19. Rxa1 Ra8 $10 {Gurevich,
I-Anastasian,A Glendale USA-ARM (1) 1994 1/2 40}) 10... b5 11. a3 (11. Rd1 {
Boensch} Qc7 12. Bf3 O-O 13. e5 Ne8 14. Qg3 Rc8 15. Kh1 Kh8 $10 {Martin
Gonzales,A-Vehi Bach,V Barcelona Vulca (5) 1991 1-0 37}) (11. e5 {Boensch} dxe5
12. Nxc6 Bxc6 13. fxe5 Nd7 $2 (13... Nd5 14. Rd1 (14. Bf3 O-O 15. Nxd5 (15. Rd1
Bb4 $10) 15... Bxd5 16. Rd1 Qc8 17. Bxd5 exd5 18. Rxd5 (18. c3 Qe6 $10) 18...
Qxc2 $10) 14... Qc7 15. Nxd5 Bxd5 16. Qg3 O-O 17. Bh6 Bc5+ 18. Kh1 f5 $10) 14.
Qg3 $16 {Solomon,S-Dive,R Sydney (01) 1990 1-0 27}) 11... O-O 12. Qg3 Nxd4 13.
Bxd4 Bc6 14. Rad1 (14. Bd3 Qd7 15. e5 {15.Rae1 a5 Kasparov/Nikitin} (15. Rad1
a5 16. Bxf6 Bxf6 17. e5 Qa7+ 18. Kh1 dxe5 19. fxe5 Be7 20. Nxb5 Bxb5 21. Bxb5
Qc5 22. c4 Rad8 $10 {Gromotka,H-Otto,KR/cr D ch 19 V (FS 3/87) 1983 (40)})
15... dxe5 16. Bxe5 g6 17. f5 Nh5 18. Qg4 exf5 19. Bxf5 Bc5+ 20. Kh1 Qe7 21.
Be4 Bd7 22. Qf3 Rae8 $15 {Hecht,H. J-Larsen,B/Teesside 13/480 1972/1/2-1/2 (49)
}) (14. Rae1 Qd7 15. Bd3 Rae8 (15... a5 16. Rf3 (16. Qh3 e5 $1 17. fxe5 dxe5
18. Bxe5 Qxh3 19. gxh3 b4 20. axb4 axb4 21. Nd1 Bc5+ $44 {Gajic,Z-Schmidt,Wl/
Smederevska Palanka 25/498 1978 (37)}) 16... b4 17. Nd5 exd5 18. exd5 Bxd5 19.
Bxh7+ (19. Rxe7 $5 Qxe7 20. Re3 (20. Bxh7+ Kh8 21. Qh4 Bxf3 22. Bg6+ Kg8 23.
Bxf6 Qe3+ $19) 20... Be6 21. Bxh7+ Kxh7 $8 {Bellon,L-Larsen,B/Las Palmas 24/
456/1977} (21... Kh8 $2 22. Qh4 Ng8 23. Qh5 $1 Bg4 24. Bxg7+ $1 Kxg7 25. Qxg4+
Kxh7 26. Rxe7 $1 Nxe7 27. Qh4+ $16) 22. Qh4+ Kg8 23. Rg3 Bg4 $1 24. Rxg4 Rfe8
$1 25. Rxg7+ $1 Kxg7 26. Qg5+ Kh7 27. Qh4+ $10) 19... Kxh7 20. Qh4+ Kg8 21.
Rxe7 Qg4 22. Qxg4 Nxg4 23. Rg3 Be6 24. h3 Rfc8 25. hxg4 Rxc2 26. f5 Bd5 27. g5
Rc1+ 28. Kh2 Rf1 29. f6 (29. g6 Rxf5 30. gxf7+ Rxf7 {= Bielczyk,J-Schmidt,Wl/
POL ch 25/(498) 1978}) 29... Rf4 30. Bb6 gxf6 31. Bc7 bxa3 32. gxf6+ Kh7 33.
Rxa3 Rxf6 $10 {Kupreichik,V-Langeweg,K/Dortmund 19/431 1975 (39)}) 16. Kh1 Bd8
17. e5 dxe5 18. Bxe5 g6 19. Qh3 {Ostojic,Pr-Kaplan,J/Cleveland 21/(401) 1975})
(14. Bf3 Qc7 (14... Rc8 15. Rad1 Qc7 16. Kh1 a5 17. e5 dxe5 18. fxe5 Nd7 19.
Bxc6 Qxc6 20. Rf4 g6 21. Ne4 Qxc2 22. Rdf1 Qe2 23. Nf6+ Nxf6 24. exf6 Bd6 25.
R4f2 Qxf1+ {0-1 Rhodin,C-Cramling,P/Lugano op (02) 1985}) 15. Kh1 Rac8 16. Rae1
Rfd8 $13 {Suetin,A-Panchenko,A.N/URS 28/441 1979 (47)}) 14... Qb8 {Boensch
Soll a5-b4 unterstützen, 14...Qc7 ist aber genau so gut , da es nicht dazu
kommt.} (14... Qd7 15. Kh1 a5 16. Bxf6 Bxf6 17. e5 Be7 18. f5 $16 {Agnos,
D-Buckley,G/Walsall (07) 1992 (27)}) (14... Qc7 15. Bf3 Rad8 $5 16. Kh1 (16. e5
dxe5 17. fxe5 Rxd4 18. Rxd4 Bc5) 16... Kh8 (16... a5 17. e5 dxe5 18. fxe5 Nd7
19. Ne4 Bxe4 20. Bxe4 Nc5 $132) 17. Rd3 a5 18. b4 $5 axb4 19. axb4 Qb7 20. Re3
{/\ Be2-d3} Rg8 21. Qh3 Qc7 $1 {/\ e5} 22. e5 (22. Ne2 e5 23. Rc3 Qb7 $1 24.
fxe5 Nxe4 25. Bxe4 Bxe4 26. Rxf7 dxe5 27. Bxe5 Rd1+ $132) 22... dxe5 23. Bxe5
Qb6 $1 $10 {1/2-1/2 Ljubojevic,Lj-Karpov,An/Buenos Aires 62/275 1994 (32)} (
23... Qb7 24. f5 $1 $14)) 15. e5 $6 dxe5 16. Bxe5 (16. fxe5 {Boensch} Ne4 $1
$10) 16... Qa7+ (16... Qb7 17. f5 exf5 18. Rxf5 Ne8 19. Bd3 g6 20. Rff1 Ng7 21.
Bxg7 $2 Kxg7 $15 {McKenzie,P-Kelly,B/Moscow olm (12) NZL-IRL ,EXP 44 1994 (28)}
) 17. Kh1 (17. Bd4 {Boensch} Bc5 18. Qf2 Bxd4 19. Qxd4 Qb7 $1 $15 (19... Qxd4+
20. Rxd4 $10)) 17... Rad8 {[%cal Ya7b7,Ya6a5,Yb5b4,Yc6h1]} 18. Rxd8 {Der
Abtausch eines Turmpaares nimmt Druck von der schwarzen Stellung und schwächt
die weiße Grundreihe.} (18. Bd3 {Boensch} g6 $1 19. Ne2 (19. f5 exf5 20. Rxf5
Ne4 $1 $15) 19... Qb7 $10) 18... Rxd8 19. f5 {[%csl Rf7]} (19. Bd3 {Boensch}
Qb7 $15) 19... exf5 20. Rxf5 {[%cal Re5f6]} Ne8 {[%csl Gg7]} 21. Bd3 {[%cal
Rf5h5]} f6 $15 {[%csl Re5] Da der B den Rückzug versperrt hat sich der R
verlaufen.} 22. Bf4 {[%csl Rf5]} Rxd3 23. cxd3 (23. Qxd3 Qf2 {[%cal Rf2g2,
Rf2e1] Mit unabwendbarem Matt.}) 23... Qd7 {[%csl Rf5]} 24. Rh5 (24. Qh3 g6 $19
) 24... g6 {[%cal Ye8g7,Yg7h5,Yg7f5]} 25. Rh3 (25. Rh4 {Boensch} Ng7 $17) 25...
g5 $1 {[%cal Re8g7,Rg5f4,Rg7f5]} 26. Bb8 Qf5 $19 {[%cal Rf5f1]} 27. Ba7 (27.
Qe1 Qxh3 $19) (27. Ne2 {Boensch} Qf1+ 28. Ng1 Bc5 $19) 27... Bd6 28. Qe1 Qxh3
29. Qxe8+ Kg7 {[%csl Gc6,Gd6][%cal Yd6h2,Yc6g2] Matt auf h2 oder g2.} 0-1